000
00333nam a2200133Ia 4500
008
240624s9999 xx 000 0 und d
041
_a
eng
082
_a
920 ISA
100
_a
ISAACSON WALTER
245
_a
BENJAMIN FRANKLIN AN AMERICAN LIFE
260
_c
2004
_a
New Delhi
_b
Simon & Schuster
300
_a
608 : p.
365
_c
RS
_b
15
999
_c
18291
_d
18291